000 00849nam a2200253 a 4500
001 000003146
005 20200929150338.0
008 691126s1969 ag b 001 0 spa
040 _aDO-SdBNP
_bspa
_cBNPHU
082 _a928
_bA479e
100 1 _aAmacher, Richard E.
_99925
240 1 0 _aEdward Albee.
_lEspañol
245 1 0 _aEdward Albee /
_cRichard E. Amacher; Traductor, León Mirlas; Corrector, José Orríes e Ibars; Ilustracción, Blanca Medda.
260 _aBuenos Aires :
_bFabril,
_c1969.
300 _a248 p. ;
_c19 cm.
490 1 _aTestimonios
534 _tEdward Albee
504 _aIncluye referencias bibliográficas.
600 1 4 _xCRÍTICA E INTERPRETACIÓN
_99926
700 1 _aMirlas, León
_etr.
_94754
700 1 _aOrríes e Ibars, José
_ecor.
_99927
700 1 _aMedda, Blanca
_eil.
_99928
830 0 _aTestimonios
_91293
999 _c2977
_d2977